Score 0/15 Timer 04:00
0 Plays Today
Letter Professor(s) % Correct
SSinistra, Slughorn, Slytherin, Snape, Sprout
97%
MMcGonagall, Merrythought, Moody
91.4%
HHagrid, Hooch, Hufflepuff
89.7%
DDerwent, Dippet, Dumbledore
89.2%
LLockhart, Longbottom, Lupin
89%
QQuirrell
86.9%
UUmbridge
85.8%
FFirenze, Flitwick, Fortescue
85.4%
Letter Professor(s) % Correct
TTrelawney
78.1%
BBabbling, Binns, Black, Burbage
72.7%
GGrubbly-Plank, Gryffindor
68.6%
CCarrow
63.3%
RRavenclaw
61%
VVector, Viridian
46.8%
KKettleburn
20.1%

You're not logged in!

Compare scores with friends on all Sporcle quizzes.
OR
Log In

Sporcle TV

Today on Sporcle TV


Watch our educational content, quiz creation guides, and fun videos on Sporcle TV.

Show Comments

Extras

Top Quizzes Today


Score Distribution

Your Account Isn't Verified!

In order to create a playlist on Sporcle, you need to verify the email address you used during registration. Go to your Sporcle Settings to finish the process.

Report this User

Report this user for behavior that violates our Community Guidelines.

Details: